Epilog osudu. Kniha I, Rozpolcený čas /
Sci-fi román amerického autora nás přivádí do 29. století, kdy se objeví zvláštní anomálie, která může vše nenávratně zničit.
Uloženo v:
| Série: | Star Trek: Epilog osudu,
část 1 |
|---|---|
| Hlavní autor: | |
| Další autoři: | |
| Médium: | E-kniha |
| Jazyk: | Czech |
| Vydáno: |
Praha :
Euromedia Group,
2023
|
| Vydání: | Vydání první |
| Edice: | Star Trek (Laser)
|
| Témata: | |
| Příbuzné jednotky: | Z cyklu::
Star Trek: Epilog osudu |
| Tagy: |
Žádné tagy |
| LEADER | 02913nam a2200505 i 4500 | ||
|---|---|---|---|
| 001 | 312098 | ||
| 003 | CZ PrSKC | ||
| 005 | 20260601215716.0 | ||
| 007 | ta | ||
| 008 | 230926s2023 xr g 000 f cze | ||
| 015 | |a cnb003549829 | ||
| 020 | |a 9788024293028 |q (brožováno) | ||
| 035 | |a (OCoLC)1408816960 | ||
| 040 | |a ABG001 |b cze |d ABA001 |e rda | ||
| 041 | 1 | |a cze |h eng | |
| 072 | 7 | |a 821.111(73)-3 |x Americká próza |2 Konspekt | |
| 080 | |a 821.111(73)-31 |2 MRF | ||
| 080 | |a (0:82-311.9) |2 MRF | ||
| 100 | 1 | |a Ward, Dayton, |d 1967- |7 xx0307396 |4 aut | |
| 240 | 1 | 0 | |a Moments asunder. |l Česky |
| 245 | 1 | 0 | |a Epilog osudu. |n Kniha I, |p Rozpolcený čas / |c Dayton Ward ; z anglického originálu Star Trek - Coda, book I - Moments asunder ... přeložil Jakub Marek |
| 246 | 3 | 0 | |a Rozpolcený čas |
| 250 | |a Vydání první | ||
| 264 | 1 | |a Praha : |b Euromedia Group, |c 2023 | |
| 300 | |a 347 stran ; |c 19 cm | ||
| 336 | |a text |b txt |2 rdacontent | ||
| 337 | |a bez média |b n |2 rdamedia | ||
| 338 | |a svazek |b nc |2 rdacarrier | ||
| 490 | 1 | |a Star Trek | |
| 500 | |a "Vydala Euromedia Group, a.s. v edici Laser"--Tiráž | ||
| 520 | 2 | |a Sci-fi román amerického autora nás přivádí do 29. století, kdy se objeví zvláštní anomálie, která může vše nenávratně zničit. |b Čas se rozpadá. Nespočet alternativních a paralelních realit je pod útokem - slábnou a hroutí se z nelítostného náporu. Bez zásahu se vesmír řítí do nekonečné propasti entropie. Starý přítel, zocelený dekádami přihlížením této dočasně eskalující katastrofy, hledá pomoc u kapitána Jean-Luca Picarda a posádky hvězdné lodi Enterprise. Apokalypsa může pocházet z jejich budoucnosti, ale lze příčinu najít v minulosti? Pouhá identifikace neznámého protivníka je jen prvním krokem na dlouhé cestě k míru, ale prvotní úspěchy přicházejí za strašlivou cenu. Kolik bude stát finální vítězství je ve hvězdách. A bude mít v budoucnosti, která současnost nebude pamatovat, vůbec nějakou hodnotu? Nakladatelská anotace. | |
| 655 | 7 | |a americké romány |7 fd131796 |2 czenas | |
| 655 | 7 | |a vědecko-fantastické romány |7 fd133847 |2 czenas | |
| 655 | 9 | |a American fiction |2 eczenas | |
| 655 | 9 | |a science fiction novels |2 eczenas | |
| 700 | 1 | |a Marek, Jakub |7 pna2007403550 |4 trl | |
| 787 | 0 | 8 | |i Z cyklu: |t Star Trek: Epilog osudu |g 1 |
| 830 | 0 | |a Star Trek (Laser) | |
| 900 | |a ABA001 |b 20 | ||
| 928 | 9 | |a Euromedia Group - Laser | |
| 928 | 9 | |a Laser | |
| 044 | |a xr | ||
| 910 | |a RBIT002 | ||
| 998 | |d 387329 |a https://core.palmknihy.cz/api/books/387329/cover?s1682z |b https://core.palmknihy.cz/api/books/387329/cover/400?s1682z |c https://core.palmknihy.cz/api/books/387329/cover/50?s1682z |e 2027-06-30 |g 352 |i 9788024293028 |j https://core.palmknihy.cz/api/books/387329/preview.epub |l |q 49 |r 1 |s https://www.palmknihy.cz/kniha/387329 |t ebook |y 2023 |z 0 |v Star Trek: Epilog osudu |w 1 | ||
| 999 | |d 312096 | ||